Ariana Grande - eternal sunshine - Statistics

General Stats
  • This quiz has been taken 66 times
    27 since last reset
  • The average score is 12 of 22
Answer Stats
2024 eternal sunshine % Correct
5 eternal sunshine
95%
1 intro (end of the world)
84%
2 bye
79%
6 supernatural
79%
9 yes, and?
79%
8 the boy is mine
74%
17 dandelion
68%
19 Hampstead
68%
7 true story
68%
12 imperfect for you
58%
18 past life
58%
15 twilight zone
58%
16 warm
58%
10 we can't be friends (wait for your love)
58%
11 i wish i hated you
53%
4 Saturn Returns Interlude
53%
14 intro (end of the world) - extended
26%
3 i don't wanna break up again
21%
20 yes, and? (with Mariah Carey) - Remix
21%
13 ordinary things (feat. Nonna)
16%
21 supernatural (with Troye Sivan)
5%
22 the boy is mine (with Brandy, Monica) - Remix
5%
No matching quizzes found
Score Distribution
Percent of People with Each Score
Percentile by Number Answered
Your Score History
You have not taken this quiz since the last reset